000 00560cam a2200193 a 4500
020 _a0030326885 (alk. paper)
040 _cDLC
082 0 0 _a332 DRY 1991 A078 Or.
100 1 _aGardner, Mona J.
245 1 0 _aManaging financial institutions :
_ban asset/liability approach /
250 _a2nd ed.
260 _aChicago :
_bDryden Press,
_cc1991.
300 _axviii, 910 p. :
_bill., map ;
_c24 cm.
650 0 _aAsset-liability management.
650 0 _aRisk management.
650 0 _aFinancial institutions
700 1 _aMills, Dixie L.
942 _cEK
999 _c15882
_d15882